000 00944 a2200253 4500
003 Nust
005 20170207152513.0
010 _a 98002922
020 _a0890066574 (alk. paper)
040 _cNust
082 0 0 _a621.3827
100 1 _aBorella, Andrea.
245 1 0 _aWavelength division multiple access optical networks /
_cAndrea Borella, Giovanni Cancellieri, Franco Chiaraluce.
260 _aBoston :
_bArtech House,
_cc1998.
300 _ax, 322 p. :
_bill. ;
_c24 cm.
440 0 _aArtech House optoelectronics library
500 _aOptical Networking (Page-1), Single Hop Optical Networks (Page-27), Multihop Optical Network (Page-139), Multilevel Optical Networks (Page-275)index 315
538 _a Almirah No 26 Shelf No 5
650 0 _aLight
_xWave length.
650 0 _aTelecommunication engineering
650 0 _aWavelength division multiplexing
_xCongresses.
700 1 _aCancellieri, Giovanni.
700 1 _aChiaraluce, Franco.
942 _cREF
999 _c175916
_d175916